Construction Sector Transparency Initiative (Record no. 113016)

MARC details
000 -LEADER
fixed length control field 01566cad a22003615a 4500
001 - CONTROL NUMBER
control field L154502
008 - FIXED-LENGTH DATA ELEMENTS--GENERAL INFORMATION
fixed length control field 111216s2011 xxk f 000 0 eng d
035 ## - SYSTEM CONTROL NUMBER
System control number (Sirsi) u154502
041 0# - LANGUAGE CODE
Language code of text/sound track or separate title eng
110 2# - MAIN ENTRY--CORPORATE NAME
Corporate name or jurisdiction name as entry element Construction Sector Transparency Initiative
245 00 - TITLE STATEMENT
Title Construction Sector Transparency Initiative
Remainder of title CoST
Medium [electronic resource]
260 ## - PUBLICATION, DISTRIBUTION, ETC.
Place of publication, distribution, etc. Brussels
Name of publisher, distributor, etc. Transparency International
Date of publication, distribution, etc. 2011
520 ## - SUMMARY, ETC.
Summary, etc. The Construction Sector Transparency Initiative (CoST) is an international multi-stakeholder initiative to increase transparency and accountability in publicly financed construction. It is supported by the Department for International Development (DFID) and the World Bank. After being piloted in eight countries (Ethiopia, Guatemala, Malawi, the Philippines, Tanzania, United Kingdom, Vietnam and Zambia) it is currently being scaled up to become a global initiative.
590 ## - LOCAL NOTE (RLIN)
Local note KA NTK
651 #4 - SUBJECT ADDED ENTRY--GEOGRAPHIC NAME
Geographic name International
651 #4 - SUBJECT ADDED ENTRY--GEOGRAPHIC NAME
Geographic name Ethiopia
651 #4 - SUBJECT ADDED ENTRY--GEOGRAPHIC NAME
Geographic name Guatemala
651 #4 - SUBJECT ADDED ENTRY--GEOGRAPHIC NAME
Geographic name Malawi
651 #4 - SUBJECT ADDED ENTRY--GEOGRAPHIC NAME
Geographic name The Philippines
651 #4 - SUBJECT ADDED ENTRY--GEOGRAPHIC NAME
Geographic name Tanzania
651 #4 - SUBJECT ADDED ENTRY--GEOGRAPHIC NAME
Geographic name United Kingdom
Chronological subdivision
651 #4 - SUBJECT ADDED ENTRY--GEOGRAPHIC NAME
Geographic name Vietnam
651 #4 - SUBJECT ADDED ENTRY--GEOGRAPHIC NAME
Geographic name Zambia
651 #4 - SUBJECT ADDED ENTRY--GEOGRAPHIC NAME
Geographic name MENEA
651 #4 - SUBJECT ADDED ENTRY--GEOGRAPHIC NAME
Geographic name Latin America
651 #4 - SUBJECT ADDED ENTRY--GEOGRAPHIC NAME
Geographic name ASEAN
690 ## - LOCAL SUBJECT ADDED ENTRY--TOPICAL TERM (OCLC, RLIN)
Topical term or geographic name as entry element MANAGEMENT-BUSINESS MANAGEMENT-PROFESSIONAL PRACTICE
690 ## - LOCAL SUBJECT ADDED ENTRY--TOPICAL TERM (OCLC, RLIN)
Topical term or geographic name as entry element BUILT ENVIRONMENT-CONSTRUCTION MARKET
690 ## - LOCAL SUBJECT ADDED ENTRY--TOPICAL TERM (OCLC, RLIN)
Topical term or geographic name as entry element Project management
9 (RLIN) 6261
690 ## - LOCAL SUBJECT ADDED ENTRY--TOPICAL TERM (OCLC, RLIN)
Topical term or geographic name as entry element BUILT ENVIRONMENT-CONSTRUCTION MANAGEMENT
856 40 - ELECTRONIC LOCATION AND ACCESS
Uniform Resource Identifier <a href="https://www.constructiontransparency.org/">https://www.constructiontransparency.org/</a>
Public note View the website at www.constructiontransparency.org
942 ## - ADDED ENTRY ELEMENTS (KOHA)
Suppress in OPAC 0
Holdings
Withdrawn status Lost status Source of classification or shelving scheme Damaged status Not for loan Home library Current library Shelving location Date acquired Total Checkouts Full call number Barcode Date last seen Copy number Price effective from Koha item type
    Dewey Decimal Classification     Virtual Virtual Online 16/12/2011   WEB-SITE 154502-2001 06/08/2019 1 06/08/2019 Online material